| 000 | 00425nam a2200181Ia 4500 | ||
|---|---|---|---|
| 001 | 11593 | ||
| 005 | 20260306162839.0 | ||
| 008 | 260306t1985||||xx |||||||||||||| ||spa|| | ||
| 041 | _aESP | ||
| 082 |
_a985.4 _bM19 |
||
| 100 |
_aMálaga Medina, Alejandro _eAUT |
||
| 245 | 0 | _aLa catedral de Arequipa | |
| 260 | _c1985 | ||
| 300 |
_a19 páginas : _c20 cm. |
||
| 650 | _aGEN | ||
| 654 | _aCHU | ||
| 942 |
_cLIB _dJUS _fJUS _2ddc _n |
||
| 999 |
_c11593 _d11593 |
||